00575cam a22002051 4500001001300000003000400013005001700017008004100034010001700075035002000092040003700112042001200149050001900161100002700180245002700207260003700234300001800271651006500289999001500354af 48003542 DLC20260227110903.0890422s1946 ne 000 1 dut c aaf 48003542  a(OCoLC)19584674 aCalifornia. Univ. Libr.cCUdDLC apremarc00aPT5844.J33bV51 aJacobs, Jan W.,d1895-13aDe vlek,been novelle. aAmsterdam,bBlauwe Lucht,c1946. a47 p.c17 cm. 0aNetherlandsxHistoryyGerman occupation, 1940-1945vFiction. c5643d5643